Loading...

Notebooks of Leonardo da Vinci /

Bibliographic Details
Main Author: Richter, Irma A,Ed
Format: Printed Book
Published: New Delhi : Oxford University Press , 1980.
Edition:1 /
Subjects:
LEADER 00479cam a2200157ua 4500
020 |a 0192815385 
082 1 4 |a 709.24  |b NOT 
100 1 |a Richter, Irma A,Ed 
245 0 0 |a Notebooks of Leonardo da Vinci /  
250 |a 1 /  
260 |a New Delhi :   |b Oxford University Press ,   |c 1980. 
300 |a 417p. ;  
650 0 |a Fine Arts-Sculpture 
942 |c BK 
999 |c 41885  |d 41885 
952 |0 0  |1 0  |4 0  |6 709_240000000000000_NOT  |7 0  |9 53771  |a KU  |b KU  |d 2015-07-05  |l 0  |o 709.24 NOT  |p EN11250  |r 2015-07-05  |y BK